<?xml version="1.0" encoding="UTF-8"?>
<record
    xmlns:xsi="http://www.w3.org/2001/XMLSchema-instance"
    xsi:schemaLocation="http://www.loc.gov/MARC21/slim http://www.loc.gov/standards/marcxml/schema/MARC21slim.xsd"
    xmlns="http://www.loc.gov/MARC21/slim">

  <leader>00418nam a2200145   4500</leader>
  <controlfield tag="001">601</controlfield>
  <controlfield tag="005">20181127161725.0</controlfield>
  <controlfield tag="008">871028r19871985nyub          00011 eng d</controlfield>
  <datafield tag="020" ind1=" " ind2=" ">
    <subfield code="a">0671633058 (pbk.) </subfield>
  </datafield>
  <datafield tag="100" ind1="1" ind2="0">
    <subfield code="a">Archer, Jeffrey,</subfield>
    <subfield code="d">1940-</subfield>
  </datafield>
  <datafield tag="245" ind1="1" ind2="0">
    <subfield code="a">Shall we tell the President? /</subfield>
    <subfield code="c">Jeffrey Archer.</subfield>
  </datafield>
  <datafield tag="260" ind1="0" ind2=" ">
    <subfield code="a">New York :</subfield>
    <subfield code="b">Pocket Books,</subfield>
    <subfield code="c">2009.</subfield>
  </datafield>
  <datafield tag="300" ind1=" " ind2=" ">
    <subfield code="a">275 p. :</subfield>
    <subfield code="c">17 cm.</subfield>
  </datafield>
  <datafield tag="650" ind1=" " ind2=" ">
    <subfield code="a">Presidents --Fiction.</subfield>
    <subfield code="v"></subfield>
    <subfield code="x"></subfield>
    <subfield code="y"></subfield>
    <subfield code="z"></subfield>
    <subfield code="2"></subfield>
  </datafield>
  <datafield tag="999" ind1=" " ind2=" ">
    <subfield code="c">448</subfield>
    <subfield code="d">448</subfield>
  </datafield>
  <datafield tag="952" ind1=" " ind2=" ">
    <subfield code="0">0</subfield>
    <subfield code="1">0</subfield>
    <subfield code="2">ddc</subfield>
    <subfield code="4">0</subfield>
    <subfield code="7">0</subfield>
    <subfield code="8">FIC</subfield>
    <subfield code="a">RTCLIB</subfield>
    <subfield code="b">RTCLIB</subfield>
    <subfield code="c">FIC</subfield>
    <subfield code="d">2021-02-24</subfield>
    <subfield code="h"> </subfield>
    <subfield code="i">1547</subfield>
    <subfield code="l">2</subfield>
    <subfield code="o">FIC 813.54 ARC</subfield>
    <subfield code="p">30000704</subfield>
    <subfield code="r">2026-04-09 03:51:14</subfield>
    <subfield code="s">2026-02-04</subfield>
    <subfield code="w">2018-11-27</subfield>
    <subfield code="y">FIC</subfield>
  </datafield>
</record>
